| 000 | 00841cam a2200181 4500 | ||
|---|---|---|---|
| 001 | WB3903-10 | ||
| 008 | 030123n2003 000 0 eng u | ||
| 035 | _a(Sirsi) u121102 | ||
| 245 | _aThreat of greenfield housing continues | ||
| 260 | _c2003 | ||
| 490 |
_aCouncil for the Protection of Rural England Press Release _v(0203) 22 January 2003, (3) |
||
| 520 | _aLocal authority plans in the UK contain proposals for greenfield housing development that could cover an area of countryside bigger than 431sq km, eqivalent to Birmingham, Coventry and Wolverhampton combined, according to a recent survey by the Council for the Protection of Rural England. More information is available from http://www.cpre.org.uk/ | ||
| 590 | _aWB | ||
| 650 | _aGREENFIELD DEVELOPMENT | ||
| 650 | _aRURAL DEVELOPMENT | ||
| 690 | _aHOUSING | ||
| 942 | _n0 | ||
| 999 |
_c71962 _d71962 |
||